| 000 | 00844nam a2200205 i 4500 | ||
|---|---|---|---|
| 001 | 157516 | ||
| 003 | ES-MaACL | ||
| 005 | 20230906210721.0 | ||
| 008 | 040811q18801900fr a |||| | fre d | ||
| 040 |
_aCAM _bspa _cCAM |
||
| 100 | 1 |
_aLenôtre, G. _971542 |
|
| 245 | 1 | 0 |
_aPerruques blondes / _cpar G. Lenotre; (illustrations de Parys). |
| 260 |
_a[Paris : _bMonde Illustré, _cs.a.] |
||
| 300 |
_a160 p. : _bil. ; _c30 cm. |
||
| 594 | _aDatos tomados de comienzo de texto. | ||
| 596 | _aProbablemente fechado en las últimas décadas del siglo XIX. | ||
| 596 | _aEn pie de páginas consta el nº de suplemento de Monde Illustré al que corresponde cada fascículo que compone la obra: nº 1996 a 2015. | ||
| 700 | 1 |
_aParys, A. _9170554 |
|
| 852 |
_aES-MaACL _jT-779-F-2 _z-- Enc. hol. _q-- Falto de la port. _z-- Enc. en un vol. facticio |
||
| 999 |
_c157516 _d157516 |
||